Регионална библиотека "Любен Каравелов" - Русе

Литературата за деца и формирането на читателска култура в начална училищна възраст (Запис номер 145937)

MARC детайли
000 -Лидер
Контролно поле с фиксирана дължина 01746nam a2200421 c 4500
003 - Код на организацията, давaща контролен номер
Контролно поле BLK
005 - Дата и час на последна редакция
Контролно поле 20241031150557.0
008 - Елементи от данни с фиксирана дължина
fixed length control field 180410b bul|||||r ||||||| ||bul||
010 ## - Наследен системен номер
LC control number KNG00152123000
020 ## - Международен стандартен номер на книга ISBN
Международен стандартен номер на книга ISBN 978-954-07-3293-0
040 ## - Източник на каталожния запис
Идентификатор на билиотеката - собственик на записа BLK
041 ## - Код за език
Код за езика на текст/звукозапис или на отделно заглавие Български
Код за езика КДБФ Български
072 #7 - Код за тематичната категория
Код организация bullib
Код за тематична категория Н82
Текст Литературознание Н
080 ## - УДК
Текстов определител УДК Българска литература
УДК код - определител по УДК 821.163.2
УДК определител -93.09(092)(075.8)
УДК - код + определител 821.163.2-93.09(092)(075.8)
080 ## - УДК
Текстов определител УДК Биографии
УДК код - определител по УДК 929
УДК - код + определител 929
100 1# - Редна дума - Автор
Автор Иванова, Нели Стоянова
Авторска отговорност първи автор
R(LIN) 363475
139 ## - Редно поле
Редна дума Иванова, Нели Стоянова
Авторски знак Иванова - И 22
245 10 - Сведения за заглавието
Заглавие Литературата за деца и формирането на читателска култура в начална училищна възраст
Редно поле (дума) Нели Стоянова Иванова.
257 ## - Страна на издаване
Страна на създаване/издаване България
260 ## - Област на издателските данни
Име на издателя, разпространителя и проч. Унив. изд. Климент Охридски
Година на издаване 2012
300 ## - Физическа характеристика
Страници 236 с.
Илюстрации и др. с портр.
Размери/Мащаб 20 см
380 ## - Жанр
Жанр Обществени науки
500 ## - Общи забележки
Забележка Библиогр. с. 234-236
650 #4 - Допълнително описание по предмет – тема
Основно описание – тема или топоним Детска и юношеска литература, българска - учебни помагала
9 (RLIN) 259949
650 #4 - Допълнително описание по предмет – тема
Основно описание – тема или топоним Писатели, детски, български
9 (RLIN) 279820
653 ## - Ключова дума – ненормативна
Ключова дума детска литература
653 ## - Ключова дума – ненормативна
Ключова дума история на литературата
653 ## - Ключова дума – ненормативна
Ключова дума култура на четенето
653 ## - Ключова дума – ненормативна
Ключова дума детски писатели
659 ## - Тематичен бюлетин
Тематичен бюлетин Н
852 ## - Местоположение
Фондова буква Заемна - подръчен фонд
856 4# - Електронен адрес и достъп
Електронен формат pdf - файл
856 4# - Електронен адрес и достъп
Електронен формат pdf - файл
999 ## - СИСТЕМНИ КОНТРОЛНИ НОМЕРА
Koha biblionumber 145937
Koha biblioitemnumber 145937
942 ## - АРТИКУЛИ
Вид на библиотечния материал Книги
Скрит в OPAC Не
Koha issues (borrowed), all copies 8
944 ## - СЪЗДАВАНЕ И РЕДАКЦИЯ на ЗАПИСА
Създаване/Редакция Създаване
Дата на регистрацията/редакция 18.10.2013
Служител, извършил регистрацията/редакцията 30556
Статус, дата на статуса Теодора Пейчева-Дянкова
944 ## - СЪЗДАВАНЕ И РЕДАКЦИЯ на ЗАПИСА
Създаване/Редакция Редакция
Дата на регистрацията/редакция 01.06.2016
Служител, извършил регистрацията/редакцията Геновева_Генчева
999 ## - СИСТЕМНИ КОНТРОЛНИ НОМЕРА
Koha biblioitemnumber 145937
Наличности
Код за отписване Код за изгубен артикул Код за повреда Коз за рестрикции Код за отдаване Артикулен № Име на библиотеката - собственик Име на библиотеката, в която се намира в момента Статус (Текущо местоположение) Дата на вписване в системата Местоположение - отдел Цена в лева Инвентарен номер Систематично азбучна сигнатура Баркод Номер на екземпляра Цена в евро Служебна бележка Служебен тип на артикула Източник на класификационната схема
  Не е изгубен Не е повреден без рестрикции ползва се в читалня 242421 Регионална библиотека "Любен Каравелов" Русе Регионална библиотека "Любен Каравелов" Русе Хранилище 2013-10-21 Хранилище 15.00 120000770799 Цб 265577 120000770799 1 7.67 Дост: Dp Вид: Д N: 38 Дата: 17.09.2012 Книги  
  Не е изгубен Не е повреден без рестрикции заемане за дома 242422 Регионална библиотека "Любен Каравелов" Русе Регионална библиотека "Любен Каравелов" Русе Заемна - подръчен фонд 2016-05-30 Заемна - подръчен фонд 11.25 120000800403 821.163.2.09/И 22 Н 120000800403 2 5.75 Дост: Pk Вид: Ф N: 13086 Дата: 27.05.2016 Книги Universal Decimal Classification
Vip Innovations Ltd, Rousse, Bulgaria 2025